000 00600nam a2200205Ia 4500
005 20250326141121.0
008 250326s9999 xx 000 0 und d
020 _a0-13-597451-8
037 _aTextbook
040 _aFMSL
_beng
_cFMSL
041 _aeng
_2eng
084 _aX:51obD658(B) N7
_qFMSL
100 _aChapman R G
_9743754
245 0 _aBrandmaps: The competitive marketing strategy game
_cChapman R G
250 _aEd 4th
260 _aNew Jersey
_bNew Jersey, Prentice-Hall
_c1997
300 _a211p
942 _cTB
_hX:51obD658(B) N7
999 _c1288779
_d1288779